| 000 | 01290cam a22003494a 4500 | ||
|---|---|---|---|
| 999 |
_c6464 _d6464 |
||
| 001 | 741096 | ||
| 003 | OSt | ||
| 005 | 20200123103125.0 | ||
| 008 | 990304s2000 enka b 001 0 eng | ||
| 010 | _a 99024178 | ||
| 020 | _a0415200598 | ||
| 020 | _a0415200601 | ||
| 040 |
_aDLC _cDLC _dDLC |
||
| 042 | _apcc | ||
| 050 | 0 | 0 | _b.F54 1999 |
| 082 | 0 | 0 |
_a374 _221 _bFLE 2000 |
| 245 | 0 | 0 |
_aFlexible learning, human resource, and organisational development : _bputting theory to work / _cedited by Viktor Jakupec and John Garrick. |
| 260 |
_aLondon ; _aNew York : _bRoutledge, _c2000. |
||
| 300 |
_axv, 280 p. : _bill. ; _c23 cm. |
||
| 504 | _aIncludes bibliographical references and index. | ||
| 650 | 0 |
_aOpen learning. _913295 |
|
| 650 | 0 |
_aContinuing education. _913296 |
|
| 650 | 0 |
_aOccupational training. _913297 |
|
| 650 | 0 |
_aEmployees _xTraining of. _913298 |
|
| 700 | 1 |
_aJakupec, Viktor, _d1945- _913299 |
|
| 700 | 1 |
_aGarrick, John. _913300 |
|
| 856 | 4 | 2 |
_3Publisher description _uhttp://www.loc.gov/catdir/enhancements/fy0649/99024178-d.html |
| 906 |
_a7 _bcbc _corignew _d1 _eocip _f19 _gy-gencatlg |
||
| 942 |
_2ddc _cO_SHELF |
||